| 000 | 00386nam a22001457a 4500 | ||
|---|---|---|---|
| 082 | _aP-309 | ||
| 100 |
_aImran _917336 |
||
| 245 | _aUse of Polymer/Additivies in Design of Flexible Pavement of Improve Strength (To Avoid Rutting) | ||
| 260 |
_aRisalpur Cantt _bMCE |
||
| 300 | _aP 99 | ||
| 526 |
_a0 _b0 _c0 _dP_309 |
||
| 650 | _aProject | ||
| 700 |
_aKamran _948073 |
||
| 942 |
_2ddc _cBK |
||
| 999 |
_c551108 _d551108 |
||